MARC

Tag First Indicator Second Indicator Subfields
LEADER 00000cam a2200000Mi 4500
001 in00004800007
006 m o d
007 cr |||||||||||
008 001127s2000 enkab o 000 0 eng d
005 20240725164418.4
035 |a (OCoLC)on1198080360 
040 |a EZ9  |b eng  |e pn  |c EZ9  |d OCLCO  |d OCLCF  |d UNOMP  |d OCLCO  |d UKBRP  |d OCLCL 
020 |a 9781407352169  |q ebook 
020 |a 1407352164 
020 |a 9781841710778 
020 |a 1841710776 
024 7 |a 10.30861/9781841710778  |2 doi 
028 5 0 |a S876  |b BAR Publishing 
035 |a (OCoLC)1198080360 
082 0 4 |a 932  |2 21 
049 |a TXAM 
100 1 |a Meshel, Zeev. 
245 1 0 |a Sinai :  |b excavations and studies /  |c Ze⁽ơev Meshel. 
264 1 |a Oxford :  |b British Archaeological Reports,  |c 2000. 
300 |a 1 online resource :  |b illustrations, maps. 
336 |a text  |b txt  |2 rdacontent 
337 |a computer  |b c  |2 rdamedia 
338 |a online resource  |b cr  |2 rdacarrier 
490 0 |a BAR.  |x 0143-3067 ;  |v 876. 
504 |a Includes bibliographical references. 
588 |a Description based on CIP data; resource not viewed. 
650 0 |a Excavations (Archaeology)  |z Egypt  |z Sinai. 
650 0 |a Antiquities, Prehistoric  |z Egypt  |z Sinai. 
651 0 |a Sinai (Egypt)  |x Antiquities. 
650 6 |a Fouilles (Archéologie)  |z Égypte  |z Sinaï. 
650 7 |a Antiquities.  |2 fast  |0 (OCoLC)fst00810745 
650 7 |a Antiquities, Prehistoric.  |2 fast  |0 (OCoLC)fst00810762 
650 7 |a Excavations (Archaeology)  |2 fast  |0 (OCoLC)fst00917564 
651 7 |a Egypt  |z Sinai.  |2 fast  |0 (OCoLC)fst01202965  |1 https://id.oclc.org/worldcat/entity/E39PBJxhkWxpcBMhmx4XpFkVYP 
655 7 |a Electronic books.  |2 local 
740 0 |a British Archaeological Reports. 
758 |i has work:  |a Sinai (Text)  |1 https://id.oclc.org/worldcat/entity/E39PCYMV8CY6X76CGYbMQHvMpq  |4 https://id.oclc.org/worldcat/ontology/hasWork 
776 0 8 |i Print version :  |z 9781841710778. 
856 4 0 |u http://proxy.library.tamu.edu/login?url=https://doi.org/10.30861/9781841710778  |z Connect to the full text of this electronic book  |t 0 
955 |a Brtish Archaeological Reprts Pre-2020 
994 |a 92  |b TXA 
999 f f |s 3f75e557-2c57-49e3-99a7-3e24fa258fcf  |i e7da5016-8f7e-4115-b41d-d911fbaaf95d  |t 0 
952 f f |a Texas A&M University  |b College Station  |c Electronic Resources  |d Available Online  |t 0  |h Library of Congress classification 
998 f f |t 0  |l Available Online